| 000 | 01002pam a2200301 a 4500 | ||
|---|---|---|---|
| 999 |
_c92960 _d92960 |
||
| 001 | 1444001 | ||
| 003 | ARRUPE | ||
| 005 | 20170928124023.0 | ||
| 008 | 860103s1986 enk b 001 0 eng | ||
| 010 | _a 85031434 | ||
| 020 | _a0521247780 | ||
| 020 | _a0521289556 (pbk.) | ||
| 040 |
_aDLC _cDLC _dDLC |
||
| 050 | 0 | 0 |
_aGN360 _b.I54 1986 |
| 082 | 0 | 0 |
_a306 _219 |
| 100 | 1 |
_aIngold, Tim, _d1948- _936540 |
|
| 245 | 1 | 0 |
_aEvolution and social life / _cTim Ingold. |
| 260 |
_aCambridge [Cambridgeshire] ; _aNew York : _bCambridge University Press, _c1986. |
||
| 300 |
_axv, 431 p. ; _c24 cm. |
||
| 440 | 0 |
_aThemes in the social sciences _936604 |
|
| 500 | _aIncludes indexes. | ||
| 504 | _aBibliography: p. 399-417. | ||
| 650 | 0 |
_aSocial evolution. _916227 |
|
| 650 | 0 |
_aCulture. _936605 |
|
| 650 | 0 |
_aHuman evolution. _936606 |
|
| 856 | 4 | 2 |
_3Publisher description _uhttp://www.loc.gov/catdir/description/cam031/85031434.html |
| 906 |
_a7 _bcbc _corignew _d1 _eocip _f19 _gy-gencatlg |
||
| 942 |
_2lcc _cMONOGRAPH |
||